| Tag |
First Indicator |
Second Indicator |
Subfields |
| LEADER |
00000cam a22000008a 4500 |
| 001 |
in00000009013 |
| 005 |
20151007051447.0 |
| 008 |
870504r1987 nyua b 00110 eng |
| 010 |
|
|
|a 87043059
|
| 020 |
|
|
|a 0394563212 :
|c $39.95
|
| 035 |
|
|
|a (OCoLC)15791145
|
| 035 |
|
|
|9 AAA3084AM
|
| 040 |
|
|
|a DLC
|c DLC
|d OCL
|d TXA
|d UtOrBLW
|
| 043 |
|
|
|a n-us---
|a e------
|
| 049 |
|
|
|a TXAM
|c [A12640910]
|
| 050 |
0 |
0 |
|a TR681.F3
|b N49 1987
|
| 082 |
0 |
|
|a 779/.2/0924
|2 19
|
| 100 |
1 |
|
|a Newton, Helmut,
|d 1920-2004.
|
| 245 |
1 |
0 |
|a Portraits /
|c Helmut Newton ; with an introduction by Carol Squiers.
|
| 250 |
|
|
|a 1st American ed.
|
| 264 |
|
1 |
|a New York :
|b Pantheon Books,
|c [1987]
|
| 264 |
|
4 |
|c ©1987
|
| 300 |
|
|
|a 247 pages :
|b illustrations (some color)
|
| 336 |
|
|
|a text
|b txt
|2 rdacontent
|
| 337 |
|
|
|a unmediated
|b n
|2 rdamedia
|
| 338 |
|
|
|a volume
|b nc
|2 rdacarrier
|
| 504 |
|
|
|a Bibliography: pages 242-243.
|
| 500 |
|
|
|a Includes index.
|
| 650 |
|
0 |
|a Celebrities
|z United States
|v Portraits.
|
| 650 |
|
0 |
|a Celebrities
|z Europe
|x Portraits.
|
| 700 |
1 |
|
|a Squiers, Carol,
|d 1948-
|
| 999 |
|
|
|a MARS
|
| 999 |
f |
f |
|s 7c6bb636-5e42-337c-9d16-ff1c3887e72b
|i 2320bf02-1c37-3e08-8236-af06bfcd5d13
|t 0
|
| 952 |
f |
f |
|p normal
|a Texas A&M University
|b College Station
|c Sterling C. Evans Library
|d Evans: Library Stacks
|t 0
|e TR681.F3 N49 1987
|h Library of Congress classification
|i unmediated -- volume
|m A14812640910
|
| 998 |
f |
f |
|a TR681.F3 N49 1987
|t 0
|l Evans: Library Stacks
|